00533nam a2200193Ia 4500003000400000005001700004006001800021007000300039008004100042024001100083037002600094040001800120041001300138082002500151110005000176245005400226260000900280700005000289OSt20220927104509.0a|||||r|||| 00| 0ta220926b |||||||| |||| 00| 0 eng d a147905 cReference Collections aRTLcRTLbeng 2engaeng a"Y:4:6.72.N6, K7/UN" a"UN, ECONOMIC AND SOCIAL AFFAIRS (Deptt of-)" 0aOrganization and administration of social welfare c1967 a"UN, ECONOMIC AND SOCIAL AFFAIRS (Deptt of-)"